Eastern Utah Libraries Catalog: Duchesne, Heber, Roosevelt, & Vernal

Heartland. Season 3 / (Record no. 91838)

MARC details
000 -LEADER
fixed length control field 03472cgm a2200697Ma 4500
001 - CONTROL NUMBER
control field ocn799057871
003 - CONTROL NUMBER IDENTIFIER
control field OCoLC
005 - DATE AND TIME OF LATEST TRANSACTION
control field 20251211122650.0
007 - PHYSICAL DESCRIPTION FIXED FIELD--GENERAL INFORMATION
fixed length control field vd cvaizq
008 - FIXED-LENGTH DATA ELEMENTS--GENERAL INFORMATION
fixed length control field 110322s2011 xxc810 vleng d
024 1# - OTHER STANDARD IDENTIFIER
Standard number or code 774212103537
028 42 - PUBLISHER NUMBER
Publisher number 210353DV
Source E1 Entertainment
028 42 - PUBLISHER NUMBER
Publisher number 210353DVA
Source E1 Entertainment
028 42 - PUBLISHER NUMBER
Publisher number 201353DVB
Source E1 Entertainment
028 42 - PUBLISHER NUMBER
Publisher number 201353DVC
Source E1 Entertainment
028 42 - PUBLISHER NUMBER
Publisher number 201353DVD
Source E1 Entertainment
028 42 - PUBLISHER NUMBER
Publisher number 201353DVE
Source E1 Entertainment
035 ## - SYSTEM CONTROL NUMBER
System control number (OCoLC)799057871
037 ## - SOURCE OF ACQUISITION
Source of stock number/acquisition Midwest Tape
Note http://www.midwesttapes.com
040 ## - CATALOGING SOURCE
Original cataloging agency UAH
Transcribing agency UAH
Modifying agency OCLCO
-- UINTA
Description conventions rda
041 1# - LANGUAGE CODE
Language code of text/sound track or separate title eng
-- fre
Language code of original and/or intermediate translations of text eng
049 ## - LOCAL HOLDINGS (OCLC)
Holding library UCLB
050 #4 - LIBRARY OF CONGRESS CALL NUMBER
Classification number PN1992.77
Item number .H436 2010
082 04 - DEWEY DECIMAL CLASSIFICATION NUMBER
Classification number 791.45/72
Edition number 22
092 ## - LOCALLY ASSIGNED DEWEY CALL NUMBER (OCLC)
Classification number 791.457
245 00 - TITLE STATEMENT
Title Heartland. Season 3 /
Medium [videorecording] /
260 ## - PUBLICATION, DISTRIBUTION, ETC. (IMPRINT)
Place of publication, distribution, etc [Canada] :
Name of publisher, distributor, etc E1 Entertainment,
Date of publication, distribution, etc [2011]
264 ## - Production, Publication, Distribution, Manufacture, and Copyright Notice.
Place of production, publication, distribution, manufacture [Canada] :
Name of producer, publisher, distributor, manufacturer Seven24 Films and Dynamo Films presente in association with The Canadian Broadcasting Corporation ; producer, Tina Grewal ; writers, Heather Conkie ... [et al.] ; directors, Steve Dimarco ... [et al.].
Date of production, publication, distribution, manufacture, or copyr 2011
300 ## - PHYSICAL DESCRIPTION
Extent 5 videodiscs (810 min.) :
Other physical details sd., col. ;
Dimensions 4 3/4 in.
500 ## - GENERAL NOTE
General note Title from container.
500 ## - GENERAL NOTE
General note Based on the best-selling books by Lauren Brooke.
500 ## - GENERAL NOTE
General note Release date: Mar. 22, 2011.
500 ## - GENERAL NOTE
General note Bonus features: The evolution of Heartland ; cast interviews ; behind-the-scenes.
505 00 - FORMATTED CONTENTS NOTE
Miscellaneous information Disc 1, 1. --
Title Miracle ;
Miscellaneous information 2. --
Title Little secrets ;
Miscellaneous information 3. --
Title Man's best friend ;
Miscellaneous information 4. --
Title The haunting of Hanley Barn --
Miscellaneous information disc 2, 5. --
Title Glory days ;
Miscellaneous information 6. --
Title Growing pains ;
Miscellaneous information 7. --
Title The starting gate ;
Miscellaneous information 8. --
Title The fix --
Miscellaneous information disc 3, 9. --
Title Broken arrow ;
Miscellaneous information 10. --
Title Eye of the wolf ;
Miscellaneous information 11. --
Title Catch and release ;
Miscellaneous information 12. --
Title The reckoning --
Miscellaneous information disc 4, 13. --
Title Quarantine ;
Miscellaneous information 14. --
Title The happy list ;
Miscellaneous information 15. --
Title Second chances ;
Miscellaneous information 16. --
Title Spin out! --
Miscellaneous information disc 5, 17. --
Title Ring of fire ;
Miscellaneous information 18. --
Title In the cards.
508 ## - CREATION/PRODUCTION CREDITS NOTE
Creation/production credits note Directors of photography, Malcolm Cross, Craig Wrobleski ; music, Keith Power.
511 1# - PARTICIPANT OR PERFORMER NOTE
Participant or performer note Amber Marshall, Michele Morgan, Shaun Johnston, Graham Wardle, Nathaniel Arcand, Chris Potter.
520 ## - SUMMARY, ETC.
Summary, etc Set against the stunning vistas of the Rocky Mountains, Heartland follows teenage horse whisperer Amy through the trials and triumphs of life on a family-owned horse ranch. Includes all 18 episodes of Season 3.
521 8# - TARGET AUDIENCE NOTE
Target audience note CHV rating: PG.
538 ## - SYSTEM DETAILS NOTE
System details note DVD, widescreen, 16x9 (1.78).
546 ## - LANGUAGE NOTE
Language note English (5.1 Dolby digital) or French (2.0 Dolby digital) dialogue; English closed-captioned.
650 #0 - SUBJECT ADDED ENTRY--TOPICAL TERM
Topical term or geographic name as entry element Ranches
Geographic subdivision Rocky Mountains
Form subdivision Drama.
9 (RLIN) 6483917
650 #0 - SUBJECT ADDED ENTRY--TOPICAL TERM
Topical term or geographic name as entry element Horses
Form subdivision Drama.
9 (RLIN) 5689230
650 #0 - SUBJECT ADDED ENTRY--TOPICAL TERM
Topical term or geographic name as entry element Families
Form subdivision Drama.
9 (RLIN) 5675607
650 #0 - SUBJECT ADDED ENTRY--TOPICAL TERM
Topical term or geographic name as entry element Teenagers
Form subdivision Drama.
9 (RLIN) 5699059
655 #7 - INDEX TERM--GENRE/FORM
Genre/form data or focus term Fiction television programs.
Source of term lcgft
9 (RLIN) 5673656
655 #7 - INDEX TERM--GENRE/FORM
Genre/form data or focus term Television series.
Source of term lcgft
9 (RLIN) 6251887
655 #7 - INDEX TERM--GENRE/FORM
Genre/form data or focus term Video recordings for the hearing impaired.
Source of term lcgft
9 (RLIN) 6251888
700 1# - ADDED ENTRY--PERSONAL NAME
Personal name Grewal, Tina.
9 (RLIN) 5906938
700 1# - ADDED ENTRY--PERSONAL NAME
Personal name Conkie, Heather.
9 (RLIN) 35456
700 1# - ADDED ENTRY--PERSONAL NAME
Personal name Dimarco, Steve.
9 (RLIN) 5906961
700 1# - ADDED ENTRY--PERSONAL NAME
Personal name Marshall, Amber.
9 (RLIN) 6251889
700 1# - ADDED ENTRY--PERSONAL NAME
Personal name Morgan, Michele.
9 (RLIN) 6251890
700 1# - ADDED ENTRY--PERSONAL NAME
Personal name Johnston, Shaun.
9 (RLIN) 58658
700 1# - ADDED ENTRY--PERSONAL NAME
Personal name Power, Keith.
9 (RLIN) 5739769
700 1# - ADDED ENTRY--PERSONAL NAME
Personal name Brooke, Lauren.
Title of a work Heartland.
9 (RLIN) 66969
710 2# - ADDED ENTRY--CORPORATE NAME
Corporate name or jurisdiction name as entry element Seven24 Films.
9 (RLIN) 6251891
710 2# - ADDED ENTRY--CORPORATE NAME
Corporate name or jurisdiction name as entry element Dynamo Films.
9 (RLIN) 6251892
710 2# - ADDED ENTRY--CORPORATE NAME
Corporate name or jurisdiction name as entry element E1 Entertainment (Firm)
9 (RLIN) 5709785
730 0# - ADDED ENTRY--UNIFORM TITLE
Uniform title Heartland (Television program)
9 (RLIN) 5755703
942 ## - ADDED ENTRY ELEMENTS (KOHA)
Koha item type DVD
Source of classification or shelving scheme Dewey Decimal Classification
Holdings
Withdrawn status Lost status Source of classification or shelving scheme Materials specified (bound volume or other part) Damaged status Not for loan Collection code Home library Current library Shelving location Date acquired Source of acquisition Cost, normal purchase price Total Checkouts Total Renewals Full call number Barcode Date last seen Date checked out Cost, replacement price Price effective from Koha item type
    Dewey Decimal Classification .CIRCNOTE. 5 discs     Television Series Wasatch County Library Wasatch County Library Audio Visual Area 02/24/2016 Amazon 15.95 47 12 TV Series Heartland #3 34301001464215 03/07/2024 10/02/2023 15.95 03/20/2020 DVD Series
This project was made possible through a grant from the Institute of Museum and Library Service administered by the Utah State Library Division.

Wasatch County Library

  • 465 East 1200 South, Heber City, Utah 84032
  • Phone 435-654-1511 | Fax 435-654-6456

Hours

  • Monday - Friday 9:30 AM - 8:00 PM
  • Saturday 9:30 AM - 1:30 PM
  • Closed Sundays and Holidays